000 00292nam a22001337a 4500
008 170713b xxu||||| |||| 00| 0 eng d
020 _a9780674665637
041 _aeng
080 _22ND
_a16
100 _a24
101 _aFIL
245 _aPHILOSOPHY OF LOGIC
_cQUINE,W.V
942 _2udc
_cBK
999 _c20511
_d20511